Państwa graniczące z Unią Europejską - Statystyki

Ogólne statystyki
  • Ten quiz został rozwiązany 4 329 razy
  • Średni wynik to 16 z 21
Statystyki odpowiedzi
km Państwo % Poprawnych
2257 Rosja
99%
446 Turcja
94%
1257 Ukraina
92%
1050 Białoruś
89%
945 Serbia
84%
1811 Szwajcaria
84%
2348 Norwegia
83%
499 Wielka Brytania
83%
3 Watykan
80%
39 San Marino
78%
35 Liechtenstein
76%
282 Albania
75%
120 Andora
75%
932 Bośnia i Hercegowina
75%
4 Monako
75%
450 Mołdawia
74%
25 Czarnogóra
72%
394 Macedonia Północna
71%
16 Maroko
71%
673 Brazylia
56%
510 Surinam
48%
Nie znaleziono quizów pasujących do podanych kryteriów
Rozkład punktacji
Procent ludzi z każdym wynikiem
Percentyl według liczby udzielonych odpowiedzi
Twoja historia wyników
Nie rozwiązałeś tego quizu